|
|
|
|
| LEADER |
00000nam a2200000 i 4500 |
| 001 |
115566 |
| 003 |
CZ ZlUTB |
| 005 |
20260429152623.0 |
| 007 |
ta |
| 008 |
260205s2026 xr e p 000 0 cze |
| 015 |
|
|
|a cnb003739425
|
| 020 |
|
|
|a 978-80-286-0564-3
|q (brožováno)
|
| 040 |
|
|
|a OLA001
|b cze
|e rda
|
| 043 |
|
|
|a e-xr---
|
| 072 |
|
7 |
|a 347
|x Soukromé právo
|2 Konspekt
|9 16
|
| 072 |
|
7 |
|a 37.016
|x Učební osnovy. Vyučovací předměty. Učebnice
|2 Konspekt
|9 22
|
| 080 |
|
|
|a 347
|2 MRF
|
| 080 |
|
|
|a 347.9
|2 MRF
|
| 080 |
|
|
|a (437.3)
|2 MRF
|
| 080 |
|
|
|a (075.8)
|2 MRF
|
| 080 |
|
|
|a (076.5)
|2 MRF
|
| 100 |
1 |
|
|a Elischer, David,
|d 1980-
|7 mzk2016923819
|4 aut
|
| 245 |
1 |
0 |
|a Sbírka příkladů z občanského práva hmotného a procesního /
|c David Elischer, Miroslav Sedláček, Ondřej Mocek Kaufmann a kolektiv
|
| 264 |
|
1 |
|a Praha :
|b Wolters Kluwer,
|c 2026
|
| 300 |
|
|
|a xix, 509 stran ;
|c 24 cm
|
| 336 |
|
|
|a text
|b txt
|2 rdacontent
|
| 337 |
|
|
|a bez média
|b n
|2 rdamedia
|
| 338 |
|
|
|a svazek
|b nc
|2 rdacarrier
|
| 500 |
|
|
|a "Právní stav publikace je k 31.12.2025"--Rub titulní stránky
|
| 504 |
|
|
|a Obsahuje bibliografické odkazy
|
| 650 |
0 |
7 |
|a občanské právo hmotné
|7 ph123634
|z Česko
|2 czenas
|
| 650 |
0 |
7 |
|a občanské právo procesní
|7 ph123635
|z Česko
|2 czenas
|
| 650 |
0 |
9 |
|a substantive civil law
|z Czechia
|2 eczenas
|
| 650 |
0 |
9 |
|a law of civil procedure
|z Czechia
|2 eczenas
|
| 655 |
|
7 |
|a učebnice vysokých škol
|7 fd133772
|2 czenas
|
| 655 |
|
7 |
|a praktická cvičení
|7 fd133118
|2 czenas
|
| 655 |
|
9 |
|a textbooks (higher)
|2 eczenas
|
| 655 |
|
9 |
|a problems, exercises, etc
|2 eczenas
|
| 700 |
1 |
|
|a Sedláček, Miroslav
|7 mzk2018996654
|4 aut
|
| 700 |
1 |
|
|a Mocek Kaufmann, Ondřej,
|d 1994-
|7 pna20211114745
|4 aut
|
| 710 |
2 |
|
|a Wolters Kluwer Česká republika (firma)
|7 mzk2013746731
|4 pbl
|
| 910 |
|
|
|a ZLD002
|
| 942 |
|
|
|2 udc
|
| 952 |
|
|
|0 0
|1 0
|4 0
|6 34ELISCHERD
|7 -1
|8 BOOK
|9 190929
|a UTBZL
|b UTBZL
|c 005
|d 2026-04-29
|l 0
|o 34/ELISCHER,D.
|p 420010202043
|r 2026-04-29 15:27:03
|v 699.00
|w 2026-04-29
|x N:nákup
|y 01
|
| 992 |
|
|
|a BK
|b SKNEW
|
| 999 |
|
|
|c 115566
|d 115566
|